| 000 | 00907nam a2200217Ia 4500 | ||
|---|---|---|---|
| 003 | GCL | ||
| 008 | 140319s9999 xx 000 0 ara d | ||
| 040 |
_aGCL / _cGCL |
||
| 082 | 0 | 4 |
_aد _b050 _bم ح |
| 245 | 1 | 0 | _aملخص شامل لاهم واحدث الكتب العربية والاجنبية ( حصاد الفكر يناير 2006 العدد 165 ) |
| 260 |
_aالقاهرة : _bمركز الاعلام العربى ، _c2006 |
||
| 650 | 0 | 4 | _aالشريعة الاسلامية |
| 650 | 0 | 4 | _aافريقيا - العولمة |
| 650 | 0 | 4 | _aالاسلام والدستور |
| 650 | 0 | 4 | _aالاسلام والديمقراطية |
| 650 | 0 | 4 | _aالنهضة الاسلامية |
| 650 | 0 | 4 | _aاستراتيجية النجاح |
| 650 | 0 | 4 | _aالبحث العلمى - مصطلحات |
| 650 | 0 | 4 | _aالاعتداء الامريكى على العراق - اسلحة الدمار الشامل |
| 942 |
_2ddc _cCR |
||
| 999 |
_c7861 _d7861 |
||